[Event "POL-chT2 South U19"]
[Site "Rudnik"]
[Date "2000.??.??"]
[Round "4.3"]
[White "Kawenski, Lech"]
[Black "Afranowicz, Lukasz"]
[Result "1-0"]
[WhiteElo "1800"]
[BlackElo "1600"]
[PlyCount "74"]
[EventDate "2000.07.20"]
[EventType "team-swiss"]
[EventRounds "10"]
[EventCountry "POL"]
[SourceTitle "EXT 2005"]
[Source "ChessBase"]
[SourceDate "2004.11.15"]
[SourceVersion "1"]
[SourceVersionDate "2004.11.15"]
[SourceQuality "1"]
[WhiteTeam "Gorno Gornovia U19"]
[BlackTeam "Jasien LKS ZPD U19"]
[WhiteTeamCountry "POL"]
[BlackTeamCountry "POL"]

1. d4 Nf6 2. c4 e6 3. Nc3 d5 4. Bg5 Nbd7 5. cxd5 exd5 6. e3 c6 7. Bd3 Bb4 8. Nge2 Qa5 9. Qc2 h6 10. Bf4 0-0 11. 0-0 Nh5 12. a3 Bxc3 13. bxc3 Ndf6 14. h3 Nxf4 15. Nxf4 Re8 16. Rfc1 Bd7 17. Qb3 Qc7 18. c4 g5 19. Ne2 Be6 20. c5 Qd7 21. Ng3 Rab8 22. Rab1 b5 23. cxb6 Rxb6 24. Qa4 Rc8 25. Rxb6 axb6 26. Qb4 Qb7 27. Bf5 Qc7 28. Bd3 Ne8 29. Nf5 Bxf5 30. Bxf5 Rd8 31. Qc3 Rd6 32. Bc2 Qb7 33. Rb1 Nc7 34. Qb4 Nb5 35. a4 Nxd4 36. exd4 Qe7 37. Qxb6 Re6 1-0

[Event "POL-chT2 South U19"]
[Site "Rudnik"]
[Date "2000.??.??"]
[Round "8.3"]
[White "Motyka, Michal"]
[Black "Afranowicz, Lukasz"]
[Result "1-0"]
[WhiteElo "2000"]
[BlackElo "1600"]
[PlyCount "62"]
[EventDate "2000.07.20"]
[EventType "team-swiss"]
[EventRounds "10"]
[EventCountry "POL"]
[SourceTitle "EXT 2005"]
[Source "ChessBase"]
[SourceDate "2004.11.15"]
[SourceVersion "1"]
[SourceVersionDate "2004.11.15"]
[SourceQuality "1"]
[WhiteTeam "Wisla Strumien U19"]
[BlackTeam "Jasien LKS ZPD U19"]
[WhiteTeamCountry "POL"]
[BlackTeamCountry "POL"]

1. e4 d5 2. exd5 Qxd5 3. Nc3 Qa5 4. d4 Nf6 5. Nf3 c6 6. Bc4 Bg4 7. h3 Bh5 8. g4 Bg6 9. Ne5 e6 10. Nxg6 hxg6 11. Bd2 Qc7 12. Qe2 Nbd7 13. g5 Nd5 14. Nxd5 cxd5 15. Bb3 Bd6 16. Bxd5 0-0-0 17. Bg2 Nb6 18. 0-0-0 Nc4 19. Kb1 Nxd2+ 20. Rxd2 Rd7 21. Rd3 Kb8 22. Rb3 Qd8 23. Qa6 Qe7 24. c4 Bb4 25. Qb5 Bd2 26. h4 Rc8 27. Rd1 Bf4 28. c5 Rxc5 29. Qxb7+ Rxb7 30. Rxb7+ Qxb7 31. Bxb7 Rb5 1-0